00769cam a22002174a 4500020002800000020004400028082001400072100002100086245005300107250001300160260004100173300005200214490006300266500009200329500002000421650002000441650001400461650002700475700002400502700002500526 a0072868244 (alk. paper) a0072868252 (international : alk. paper)00a519.5 LIN1 aLind, Douglas A.10aStatistical techniques in business & economics / a12th ed. aBoston :bMcGraw-Hill Irwin,cc2005. axv, 800 p. :bcol. ill. ;e1 CD-ROM (4 3/4 in.)1 aMcGraw-Hill/Irwin series. Operations and decision sciences aStudent CD-ROM includes tutorials, quizzes, solved problems, data sets, and data files. aIncludes index. 0aSocial sciences 0aEconomics 0aCommercial statistics.1 aMarchal, William G.1 aWathen, Samuel Adam.